Letras do Alfabeto Cirílico Russo - Statistics

Estatísticas Gerais
  • Esse quiz foi jogado 482 vezes
  • A pontuação média é 14 de 33
Estatísticas das Respostas
Hint Resposta % Correto
А A
100%
Э É
67%
И I
65%
О O
63%
Б
58%
У U
55%
В
54%
Ы Y
53%
Д
51%
К Ka
47%
П
46%
Т
46%
З
46%
М Ém
44%
Н Én
44%
Е
43%
Ё
43%
Л Él
42%
Г Gué
42%
Р Ér
41%
Я
41%
С És
40%
Ж
38%
Ф Éf
37%
Ю
37%
Х
33%
Ш Chá
28%
Ц Tsé
28%
Ч Tché
24%
Щ Tchá
18%
Ъ Sinal Duro
16%
Й I Breve
15%
Ь Sinal Brando
15%
Nenhum quiz correspondente encontrado
Distribuição das Pontuações
Porcentagem de Pessoas com Cada Pontuação
Percentil de Números Respondidos
Sua Pontuação Histórica
Você não jogou esse quiz